000 00590nam a2200181Ia 4500
008 100921s9999 xx 000 0 und d
082 _b39651
_a891.463 न 04
100 _aगजेंद्रगडकर मोनिका.
245 _aभूप.
260 _bमौज प्रकाशन,मुंबई.
_c2004
300 _a152
_bकलाभारती वितरण,पुणे
365 _b150
520 _aललित-कादंबरी.
630 _aभूप.
650 _aललित-कादंबरी.
730 _aभूप.
942 _cBOOK
999 _c788764
_d788761